| 000 | 00525nam a2200193 a 4500 | ||
|---|---|---|---|
| 001 | 4052 | ||
| 005 | 20140414131857.0 | ||
| 008 | 081212s19uu xx 00 eng d | ||
| 020 | _a81-7862-162-2 | ||
| 050 |
_aFIL 398.2 _bOx1 2003 |
||
| 245 | _aThe Ox and the frog and other stories. | ||
| 260 |
_aNew Delhi : _bAllscript Establishment, _cc2003. |
||
| 300 | _a16 p. : col., ill. ; cm. | ||
| 650 |
_aFables, Greek _xTranslation into English. |
||
| 999 |
_c110520 _d110520 |
||